Times da Bundesliga 22/23 - Statistics

Estatísticas Gerais
  • Esse quiz foi jogado 149 vezes
  • A pontuação média é 14 de 18
Estatísticas das Respostas
Imagem Resposta % Correto
Bayern de Munique
98%
Borussia Dortmund
90%
Eintratch Frankfurt
90%
RB Leipzig
86%
VFL Wolfsburg
86%
Bayern Leverkusen
85%
Union Berlin
84%
Schalke 04
83%
Mainz 05
80%
Borussia Monchengladbach
79%
Hertha Berlin
79%
Freiburg
78%
Hoffenheim
78%
Werder Bremen
76%
VFB Stuttgart
73%
FC Augsburg
68%
1.FC Köln
64%
Bochum
64%
Nenhum quiz correspondente encontrado
Distribuição das Pontuações
Porcentagem de Pessoas com Cada Pontuação
Percentil de Números Respondidos
Sua Pontuação Histórica
Você não jogou esse quiz